000 01255nam a22002777a 4500
005 20131107154048.0
010 _aHIN-78763
020 _a8175735783
_c110.00
037 _bD.B.Act / ven
037 _bदिपला / यूबीएच
037 _bदिपला
082 1 4 _a
245 1 _aअकबर बीरबल की प्रसिद्ध कहानियाँ
_cश्याम दूआ द्वारा सम्पादित
260 _aदिल्ली
_bटिनी टाँट पब्लिकेशन्स
_c2006
260 _aदिल्ली (वितरक) यू.बी.एच.
270 _a1376,कश्मीरी गेट
_bदिल्ली
_e110006
270 _a15-यू.बी.बैग्लो रोड, जवाहर नगर
270 _aएच- 37, सेक्टर-63
270 _a235, जागृति एन्कलेव दिल्ली-92
300 _a144पृ
_bसचित्र
_c24 सेमी (सजिल्द)
650 _aबाल कहानियाँ
650 _aकहानियाँ
650 _aChildren Storys
700 _aश्याम दुआ संपादक
942 _adpl
_cCH
_kक / अकब
_2ddc
999 _c79871
_d79871